00000000nam##2200000za#4500
0019.612716
003CaOODSP
00520200706133858
007ta
008150406|1995||||xxc|||||     f|0| 0 eng|d
020 |a0-660-15585-0
022 |a1200-5223
040 |aCaOODSP|beng
043 |an-cn---
0861 |aCS11-0019/83E
24500|aAlternative measures of the average duration of unemployment / |cby Miles Corak and Andrew Heisz.
260 |aOttawa - Ontario : |bStatistics Canada. |c1995.
300 |a20p. : |bgraphs, references, tables ; |c28 cm.
4901 |aResearch paper series|x1200-5223|vNo. 83
500 |a"This paper examines the robustness of a measure of the average complete duration of unemployment in Canada to a host of assumptions used in its derivation."--Abstract.
5203 |aThis paper examines the robustness of a measure of the average complete duration of unemployment in Canada to a host of assumptions used in its derivation.--Abstract
563 |aSoftcover
590 |a95-52|b1995-12-29
69007|aUnemployment|2gcpds
7102 |aStatistics Canada. |bAnalytical Studies Branch.
7201 |aCorak, Miles
7201 |aHeisz, Andrew
77508|tMesures alternatives de la durée moyenne du chômage / |w(CaOODSP)9.623611
7760#|tAlternative measures of the average duration of unemployment / |w(CaOODSP)9.574576
830#0|aResearch paper series,|x1200-5223|vNo. 83|w(CaOODSP)9.514463